banner-ar

THE NAKER PILOT THE HUMAN FACTOR IN AIRSAFT ACCIDENTS / (Record no. 11227)

MARC details
000 -الفاتح
حقل البيانات ثابتة الطول 00453nam a2200169Ia 4500
008 - عناصر البيانات ثابتة الطول - معلومات عامة
حقل البيانات ثابتة الطول 140319s9999 xx 000 0 eng d
040 ## - مصدر الفهرسة
وكالة الفهرسة الأصلية GCL /
وكالة النسخ GCL
082 04 - رقم تصنيف ديوى العشرى
رقم التصنيف 629.
رقم المادة 3252
-- B N
100 1# - المدخل الرئيسى - إسم شخصى
الإسم الشخصى BEATY, DAID
245 10 - بيان العنوان
العنوان THE NAKER PILOT THE HUMAN FACTOR IN AIRSAFT ACCIDENTS /
بيان المسئوليه,etc BEATY, DAID
260 ## - PUBLICATION, DISTRIBUTION, ETC. (IMPRINT)
تاريخ النشر أو التوزيع 1995
650 04 - المدخل الاضافى بالموضوع-مصطلح موضوعى
مصطلح موضوعي PILOTING
650 04 - المدخل الاضافى بالموضوع-مصطلح موضوعى
مصطلح موضوعي AIRCRAFT
650 04 - المدخل الاضافى بالموضوع-مصطلح موضوعى
مصطلح موضوعي AIRPLANES
942 ## - عناصر المدخل الإضافي( كوها)
مصدر التصنيف او مخطط الترفيف Dewey Decimal Classification
Koha [default] item type كتاب
260 ## - PUBLICATION, DISTRIBUTION, ETC. (IMPRINT)
-- [S.N] :
-- AIRLIFE PUBLISHING ،
Holdings
حالة التراجع حالة الفقد حالة تلف ليس للاعارة المكان المؤقت الموقع الحالى تاريخ الاكتساب اجمالي اﻻعارات رقم الطلب الباركود تاريخ اخر مشاهدة تاريخ تفعيل السعر نوع وعاء كوها
        مكتبة القاهرة الكبرى مكتبة القاهرة الكبرى 03/26/2014   629.\3252\B N 22311 03/26/2014 03/26/2014 كتاب

Powered By

EGPV